LEADER 01664nam 2200433 450 001 000013876 005 20050718115500.0 010 $a3-540-53477-6 100 $a20030609d1990----km-y0itay0103----ba 101 0 $aeng 102 $aDE 200 1 $ap-adic analysis$eproceedings of the international conference held in Trento, Italy, May 29-June 2, 1989$fF. Baldassarri, S. Bosch, B. Dwork, eds. 210 $aBerlin [etc.]$cSpringer$dc1990 215 $aIV, 382 p.$cill.$d25 cm. 225 2 $aLecture notes in mathematics$v1454 410 0$12001$aLecture notes in mathematics 606 $aGeometria algebrica$xCongressi 676 $a512.74$v(21. ed.)$9Teoria algebrica dei numeri 691 $a12Jxx$9Field theory and polynomials. Topological fields 691 $a14Fxx$9Algebraic geometry. (Co)homology theory 691 $a12Hxx$9Field theory and polynomilas. Differential and difference algebra 702 1$aBaldassarri,$bFrancesco 702 1$aBosch,$bSiegfried 702 1$aDwork,$bBernard M. 712 12$aCongress on P-adic analysis$f<1989$e; Trento> 801 0$aIT$bUniversità della Basilicata - B.I.A.$gRICA$2unimarc 912 $a000013876 996 $aP-adic analysis$981308 997 $aUNIBAS BAS $aMONSCI BAS $aSCIENZE CAT $aEXT002$b01$c20030609$lBAS01$h1112 CAT $c20050601$lBAS01$h1755 CAT $abatch$b01$c20050718$lBAS01$h1052 CAT $c20050718$lBAS01$h1111 CAT $c20050718$lBAS01$h1141 CAT $c20050718$lBAS01$h1155 FMT Z30 -1$lBAS01$LBAS01$mBOOK$1BASA5$ADipartimento Matematica$2GEN$BCollezione generale$3MAT$6292$5M292$820030609$f51$FRiservati LEADER 02731nam 2200649 450 001 9910453474003321 005 20200520144314.0 010 $a0-8179-2886-3 010 $a0-8179-2888-X 035 $a(CKB)2550000001165800 035 $a(EBL)1569169 035 $a(OCoLC)865331346 035 $a(SSID)ssj0001060483 035 $a(PQKBManifestationID)12441887 035 $a(PQKBTitleCode)TC0001060483 035 $a(PQKBWorkID)11087571 035 $a(PQKB)11399640 035 $a(MiAaPQ)EBC1569169 035 $a(Au-PeEL)EBL1569169 035 $a(CaPaEBR)ebr10812408 035 $a(CaONFJC)MIL547068 035 $a(EXLCZ)992550000001165800 100 $a20010817d2001 uy 0 101 0 $aeng 135 $aur|n|---||||| 181 $ctxt 182 $cc 183 $acr 200 10$aWinning Florida $ehow the Bush team fought the battle /$fRobert Zelnick 210 1$aStanford, California :$cHoover Institution Press,$d2001. 215 $a1 online resource (193 p.) 225 1 $aHoover Institution Press publication ;$vno. 500 300 $aDescription based upon print version of record. 311 $a0-8179-2882-0 311 $a1-306-15817-6 320 $aIncludes bibliographical references (pages [167]-173) and index. 327 $aFront Cover; Title Page; Half Title; Copyright; Contents; Acknowledgments; Chapter 1: Drawing the Battle Lines; Chapter 2: Defining the Issues; Chapter 3: Rewriting the Law; Chapter 4: Fighting the Ground War; Chapter 5: Vacating the Florida Court; Chapter 6: Surviving a Scare; Chapter 7: Fighting the Contest; Chapter 8: Losing in the State Court; Chapter 9: Shutting the Door; Addenda; Notes; Index 330 $aWith a reporter's keen eye for detail, award-winning journalist Zelnick conveys every emotion of the key players in this battle, presenting a rich, colorful tale that reads more like a fictional political thriller than the bizarre real-life drama it was?from election night through the U.S. Supreme Court's historic decision. 410 0$aHoover Institution Press publication ;$v500. 606 $aContested elections$zFlorida 606 $aContested elections$zUnited States 606 $aPolitical campaigns$zUnited States 606 $aPresidents$zUnited States$xElection$y2000 608 $aElectronic books. 615 0$aContested elections 615 0$aContested elections 615 0$aPolitical campaigns 615 0$aPresidents$xElection 676 $a324.973/0929/09759 700 $aZelnick$b Robert$f1940-$0884576 801 0$bMiAaPQ 801 1$bMiAaPQ 801 2$bMiAaPQ 906 $aBOOK 912 $a9910453474003321 996 $aWinning Florida$92214347 997 $aUNINA